| 000 | 00605nam a2200217Ia 4500 | ||
|---|---|---|---|
| 003 | OSt | ||
| 005 | 20260226155009.0 | ||
| 008 | 210210b1967 xxu||||| |||| 00| 0 eng d | ||
| 040 | _cAL | ||
| 041 | _aHindi | ||
| 082 | _a861/64 | ||
| 100 |
_aGUPTA (Maithilisharan) _dगुप्त (मैथिलीशरण) _9256911 |
||
| 245 |
_aKaba aur karbala _bकाबा और कर्बला |
||
| 260 |
_aChirganv _bSahity Sadhan _c1967 |
||
| 650 |
_akarbala _9256912 |
||
| 650 |
_aKaba _9256913 |
||
| 650 |
_aaur _9256914 |
||
| 690 |
_aHindi Poetry _9256915 |
||
| 906 | _a023085 | ||
| 942 |
_2ddc _cBK |
||
| 999 |
_c147978 _d147978 |
||